Gone / (Record no. 31167)

MARC details
000 -LEADER
fixed length control field 01595cam a2200445 i 4500
001 - CONTROL NUMBER
control field ocn319536566
003 - CONTROL NUMBER IDENTIFIER
control field OCoLC
005 - DATE AND TIME OF LATEST TRANSACTION
control field 20251118033544.0
007 - PHYSICAL DESCRIPTION FIXED FIELD--GENERAL INFORMATION
fixed length control field t|
008 - FIXED-LENGTH DATA ELEMENTS--GENERAL INFORMATION
fixed length control field 090428s2009 nyub d 000 1 eng d
010 ## - LIBRARY OF CONGRESS CONTROL NUMBER
Canceled/invalid LC control number 2007036734
020 ## - INTERNATIONAL STANDARD BOOK NUMBER
International Standard Book Number 9780061448782
Qualifying information paperback
020 ## - INTERNATIONAL STANDARD BOOK NUMBER
International Standard Book Number 0061448788
Qualifying information paperback
035 ## - SYSTEM CONTROL NUMBER
System control number 1152355
040 ## - CATALOGING SOURCE
Original cataloging agency VPW
Transcribing agency VPW
Modifying agency TnLvILS
Language of cataloging eng
Description conventions rda
041 ## - LANGUAGE CODE
Language code of text/sound track or separate title eng
100 1# - MAIN ENTRY--PERSONAL NAME
Personal name Grant, Michael,
Dates associated with a name 1954-
Relator term author.
Relator code aut.
245 10 - TITLE STATEMENT
Title Gone /
Statement of responsibility, etc. Michael Grant.
250 ## - EDITION STATEMENT
Edition statement First paperback edition.
260 ## - PUBLICATION, DISTRIBUTION, ETC. (IMPRINT)
Place of publication, distribution, etc. New York :
Name of publisher, distributor, etc. HarperTeen,
Date of publication, distribution, etc. 2009.
264 #1 - PRODUCTION, PUBLICATION, DISTRIBUTION, MANUFACTURE, AND COPYRIGHT NOTICE
Place of production, publication, distribution, manufacture New York :
Name of producer, publisher, distributor, manufacturer HarperTeen,
Date of production, publication, distribution, manufacture, or copyright notice 2009.
300 ## - PHYSICAL DESCRIPTION
Extent 558, 4 pages :
Other physical details maps ;
Dimensions 21 cm.
336 ## - CONTENT TYPE
Content type term text
Content type code txt
Source rdacontent.
337 ## - MEDIA TYPE
Media type term unmediated
Media type code n
Source rdamedia.
338 ## - CARRIER TYPE
Carrier type term volume
Carrier type code nc
Source rdacarrier.
490 1# - SERIES STATEMENT
Series statement Gone.
500 ## - GENERAL NOTE
General note Copyright date: 2008.
520 ## - SUMMARY, ETC.
Summary, etc. In a small town on the coast of California, everyone over the age of fourteen suddenly disappears, setting up a battle between the remaining town residents and the students from a local private school, as well as those who have "The Power" and are able to perform supernatural feats and those who do not.
521 1# - TARGET AUDIENCE NOTE
Target audience note 013-017.
521 8# - TARGET AUDIENCE NOTE
Target audience note 620
Source Lexile.
526 0# - STUDY PROGRAM INFORMATION NOTE
Program name Accelerated Reader
Interest level UG
Reading level 4.3
Title point value 18.0
Public note 124168.
650 #0 - SUBJECT ADDED ENTRY--TOPICAL TERM
Topical term or geographic name as entry element Teenagers
Form subdivision Juvenile fiction.
650 #0 - SUBJECT ADDED ENTRY--TOPICAL TERM
Topical term or geographic name as entry element Good and evil
Form subdivision Juvenile fiction.
650 #0 - SUBJECT ADDED ENTRY--TOPICAL TERM
Topical term or geographic name as entry element Teenagers
Form subdivision Fiction.
650 #0 - SUBJECT ADDED ENTRY--TOPICAL TERM
Topical term or geographic name as entry element Good and evil
Form subdivision Fiction.
650 #1 - SUBJECT ADDED ENTRY--TOPICAL TERM
Topical term or geographic name as entry element Teenagers
Form subdivision Fiction.
650 #1 - SUBJECT ADDED ENTRY--TOPICAL TERM
Topical term or geographic name as entry element Good and evil
Form subdivision Fiction.
800 1# - SERIES ADDED ENTRY--PERSONAL NAME
Personal name Grant, Michael,
Dates associated with a name 1954-
Title of a work Gone novel.
942 ## - ADDED ENTRY ELEMENTS (KOHA)
Koha item type Libro/Book
Holdings
Withdrawn status Lost status Damaged status Not for loan Home library Current library Shelving location Date acquired Total Checkouts Full call number Barcode Date last seen Price effective from Koha item type
        San Juan Del Sur -- Biblioteca San Juan Del Sur -- Biblioteca English 18/11/2025   YA GRA 30023462 18/11/2025 18/11/2025 Libro/Book

Powered by Koha